| 000 | 00340 a2200121 4500 | ||
|---|---|---|---|
| 001 | 142489 | ||
| 040 | _cLeonardo Da Vinci | ||
| 041 | _aPortuguês | ||
| 082 | _av227 | ||
| 245 | _aIRLANDA, Irã; Início da II GM; Primavera de Praga; O mundo em guerra; Guerra Fria | ||
| 697 |
_aIrlanda _aIrã _aPraga _aGuerra Fria _aStalingrado |
||
| 942 | _cVM | ||
| 999 |
_c142489 _d142489 |
||